Alluvions / (Record no. 1828)

MARC details
000 -LEADER
fixed length control field 01955cas a2200553 a 4500
001 - CONTROL NUMBER
control field data
005 - DATE AND TIME OF LATEST TRANSACTION
control field 20260322212120.0
008 - FIXED-LENGTH DATA ELEMENTS--GENERAL INFORMATION
fixed length control field data
035 ## - SYSTEM CONTROL NUMBER
System control number 11385096
010 ## - LIBRARY OF CONGRESS CONTROL NUMBER
LC control number 91641412
Canceled/invalid LC control number sn 89026244
035 ## - SYSTEM CONTROL NUMBER
System control number (OCoLC)19739276
040 ## - CATALOGING SOURCE
Original cataloging agency HLS
Language of cataloging eng
Transcribing agency HLS
Modifying agency OCLCL
-- DLC
-- NST
-- DLC
-- SYS
-- OCLCQ
-- OCLCF
-- OCLCO
-- OCLCA
-- OCLCL
042 ## - AUTHENTICATION CODE
Authentication code pcc
043 ## - GEOGRAPHIC AREA CODE
Geographic area code el-----
-- el-----
050 00 - LIBRARY OF CONGRESS CALL NUMBER
Classification number NX553
Item number .A45
082 00 - DEWEY DECIMAL CLASSIFICATION NUMBER
Classification number 700/.9492/05
Edition information 20
130 0# - MAIN ENTRY--UNIFORM TITLE
Uniform title Alluvions (Metz, France)
245 10 - TITLE STATEMENT
Title Alluvions /
Statement of responsibility, etc. Université de Metz, Département de néerlandais.
249 0# -
-- ACQUIRE Title:
-- Alluvions / Université de Metz, Département de néerlandais
260 ## - PUBLICATION, DISTRIBUTION, ETC.
Place of publication, distribution, etc. Paris :
Name of publisher, distributor, etc. Didier Erudition [distributor],
Place of publication, distribution, etc. Paris :
Name of publisher, distributor, etc. Didier Erudition [distributor],
Date of publication, distribution, etc. 1988-
300 ## - PHYSICAL DESCRIPTION
Extent v. ;
Dimensions 30 cm.
310 ## - CURRENT PUBLICATION FREQUENCY
Current publication frequency Irregular
336 ## - CONTENT TYPE
Content type term text
Content type code txt
Source rdacontent
337 ## - MEDIA TYPE
Media type term unmediated
Media type code n
Source rdamedia
338 ## - CARRIER TYPE
Carrier type term volume
Carrier type code nc
Source rdacarrier
362 0# - DATES OF PUBLICATION AND/OR SEQUENTIAL DESIGNATION
Dates of publication and/or sequential designation Vol. 1 ('88)-
590 ## - LOCAL NOTE (RLIN)
Local note SERBIB/SERLOC merged record
592 ## -
-- ACQN: aq 95015983
592 ## -
-- 1988
650 #0 - SUBJECT ADDED ENTRY--TOPICAL TERM
Topical term or geographic name entry element Arts, Dutch.
650 #0 - SUBJECT ADDED ENTRY--TOPICAL TERM
Topical term or geographic name entry element Arts
Geographic subdivision Netherlands.
650 #0 - SUBJECT ADDED ENTRY--TOPICAL TERM
Topical term or geographic name entry element Arts, Flemish.
650 #0 - SUBJECT ADDED ENTRY--TOPICAL TERM
Topical term or geographic name entry element Arts
Geographic subdivision Flanders.
650 #7 - SUBJECT ADDED ENTRY--TOPICAL TERM
Topical term or geographic name entry element Arts.
Source of heading or term fast
Authority record control number or standard number (OCoLC)fst00817721
650 #7 - SUBJECT ADDED ENTRY--TOPICAL TERM
Topical term or geographic name entry element Arts, Dutch.
Source of heading or term fast
Authority record control number or standard number (OCoLC)fst00817992
650 #7 - SUBJECT ADDED ENTRY--TOPICAL TERM
Topical term or geographic name entry element Arts, Flemish.
Source of heading or term fast
Authority record control number or standard number (OCoLC)fst00818017
651 #7 - SUBJECT ADDED ENTRY--GEOGRAPHIC NAME
Geographic name Europe
Geographic subdivision Flanders.
Source of heading or term fast
Authority record control number or standard number (OCoLC)fst01245991
651 #7 - SUBJECT ADDED ENTRY--GEOGRAPHIC NAME
Geographic name Netherlands.
Source of heading or term fast
Authority record control number or standard number (OCoLC)fst01204034
Real World Object URI https://id.oclc.org/worldcat/entity/E39PBJk4D96j3YTHJQfHCV3vpP
710 2# - ADDED ENTRY--CORPORATE NAME
Corporate name or jurisdiction name as entry element Université de Metz.
Subordinate unit Département de néerlandais.
890 ## -
-- Alluvions (Metz, France)
-- 91-641412
906 ## - LOCAL DATA ELEMENT F, LDF (RLIN)
a 7
b cbc
c serials
d 3
e ncip
f 19
g n-oclcserc
920 ## -
-- Keep 1
991 ## -
-- c-GenColl
-- NX553
-- .A45
-- SERIALS
992 ## -
-- B/L
-- SERLOC
Holdings
Withdrawn status Lost status Damaged status Not for loan Home library Current library Shelving location Date acquired Total checkouts Full call number Barcode Date last seen Price effective from Koha item type
        Franklin Franklin General stacks 22/03/2026   700/.9492/05 LOC-FRL-00064 22/03/2026 22/03/2026 Books